000 00662nam a22001937a 4500
005 20241107134936.0
008 241011b |||||||| |||| 00| 0 eng d
020 _a9788887153261
082 _aDC 004.023 G856 2024
100 _aGreenwood, Shane.
_962818
245 _aFundamentals of computers and information technology /
_cShane Greenwood.
250 _aFirst edition.
260 _aDublin :
_bOryson Press,
_c©2024.
300 _avi, 285 pages :
_billustrations ;
_c26 cm.
500 _aIncludes index.
650 0 _aComputer science
_xVocational guidance.
_963744
650 0 _aInformation technology
_xVocational guidance.
_963745
942 _2ddc
_cDC
999 _c22500
_d22500